Kombinácia výrobných faktorov v poľnohospodárstve zákonitosti vývoja poľnohospodárstva vo vyspelých krajinách
Salvato in:
| Autore principale: | |
|---|---|
| Natura: | Libro |
| Lingua: | slovacco |
| Pubblicazione: |
Bratislava
Epocha
1970
|
| Tags: |
Nessun Tag, puoi essere il primo ad aggiungerne!!
|
MARC
| LEADER | 00000nam a2200000 4500 | ||
|---|---|---|---|
| 001 | c104654 | ||
| 005 | 20041019155132.6 | ||
| 041 | 0 | |a slo | |
| 044 | |a SK | ||
| 245 | 1 | 0 | |a Kombinácia výrobných faktorov v poľnohospodárstve |b zákonitosti vývoja poľnohospodárstva vo vyspelých krajinách |c Félix Hutník |
| 264 | 1 | |a Bratislava |b Epocha |c 1970 | |
| 300 | |a 232 s. | ||
| 100 | 1 | |a Hutník, Félix | |